| 000 | 00674nam a22002057a 4500 | ||
|---|---|---|---|
| 003 | CEME | ||
| 005 | 20210628204436.0 | ||
| 008 | 210114b xxu||||| |||| 00| 0 eng d | ||
| 020 | _a9781118439050 | ||
| 040 | _c. | ||
| 082 | _a658.4013 POI | ||
| 100 |
_aPoister, Theodore H _921830 |
||
| 245 | _aManaging and measuring performance in public and nonprofit organizations, an integrated approach | ||
| 250 | _a2ND | ||
| 260 |
_aUSA _bJOSSEY BASS _c2015 |
||
| 300 | _aXVI, 463P | ||
| 650 |
_aNONPROFIT ORGANIZATIONS.PUBLIC ADMINISTRATION.PERFORMANCE MEASUREMENT.PERFORMANCE MANAGEMENT _970365 |
||
| 700 |
_aARISTIGUETA, MARIA P, HALL, JEREMY L _970366 |
||
| 942 |
_cBK _2ddc |
||
| 999 |
_c577351 _d577351 |
||